| 000 | 01061ntaaa2200289 4500 | ||
|---|---|---|---|
| 003 | 01 | ||
| 005 | 20251027203346.0 | ||
| 008 | 0714s1973 ag 01 | ||
| 040 |
_aAR-BaBN _bspa _cAR-BaBN _eaacr _dRIC |
||
| 082 | _a192 W58 | ||
| 100 | _aWhitehead, Alfred North | ||
| 245 |
_aEl devenir de la religión / _cAlfred North Whitehead, traducido por Armando Asti Vera |
||
| 260 |
_aBuenos Aires : _bEditorial Nova, _c1961 |
||
| 300 |
_a112 p. ; _c21 cm. |
||
| 490 | _aLa vida del espíritu | ||
| 500 | _aTítulo original: Religion in the making | ||
| 500 | _aEstudio preliminar sobre "La filosofía de la religión de Whitehead" por Armando Asti Vera | ||
| 500 | _aDonación de Tomás J. M. Mackey, 2021 | ||
| 505 | _tCap. I. La religión en la historia | ||
| 505 | _tCap. II. La religión y el dogma | ||
| 505 | _tCap. III. El cuerpo y el espíritu | ||
| 505 | _tCap. IV. La verdad y la crítica | ||
| 650 |
_aFILOSOFIA DE LA RELIGION _91371 |
||
| 700 |
_aAsti Vera, Armando _etraductor _94790 |
||
| 800 |
_aPucciarelli, Eugenio _933897 |
||
| 942 | _cBK | ||
| 999 |
_c29127 _d29127 |
||